| Tag |
First Indicator |
Second Indicator |
Subfields |
| LEADER |
00000cam a2200000 a 4500 |
| 001 |
in00000076223 |
| 005 |
20151008060504.0 |
| 008 |
810218s1980 enk 00010 engm |
| 010 |
|
|
|a 81453434
|
| 015 |
|
|
|a GB***
|
| 020 |
|
|
|a 0435237802 (pbk.) :
|c 3.50
|
| 035 |
|
|
|a (OCoLC)07280379
|
| 035 |
|
|
|9 AAJ5859AM
|
| 040 |
|
|
|a DLC
|c DLC
|d m.c.
|d TXA
|d UtOrBLW
|
| 049 |
|
|
|a TXAM
|c [933174]
|
| 050 |
0 |
0 |
|a PR6068.U26
|b H5
|
| 082 |
0 |
|
|a 822/.914
|2 19
|
| 100 |
1 |
|
|a Rudkin, David,
|d 1936-
|
| 245 |
1 |
0 |
|a Hippolytus :
|b a version /
|c by David Rudkin.
|
| 264 |
|
1 |
|a London :
|b Heinemann,
|c 1980.
|
| 300 |
|
|
|a vi, 97 pages ;
|c 19 cm.
|
| 336 |
|
|
|a text
|b txt
|2 rdacontent
|
| 337 |
|
|
|a unmediated
|b n
|2 rdamedia
|
| 338 |
|
|
|a volume
|b nc
|2 rdacarrier
|
| 500 |
|
|
|a At head of title: Euripides.
|
| 700 |
0 |
|
|a Euripides.
|t Hippolytus.
|
| 999 |
|
|
|a MARS
|
| 999 |
f |
f |
|s efaa2d28-236b-38e6-8ea9-577725f963d5
|i 5ec2ba7d-d3c5-3f07-99b5-6fbfab03cc36
|t 0
|
| 952 |
f |
f |
|p ric
|a Texas A&M University
|b Rellis Campus
|c Joint Library Facility
|d Remote Storage
|t 0
|e PR6068.U26 H5
|h Library of Congress classification
|i unmediated -- volume
|m A14806187865
|
| 998 |
f |
f |
|a PR6068.U26 H5
|t 0
|l Remote Storage
|